000 01324nam a22003857a 4500
003 CHAP
005 20220329143417.0
008 090519s2004 sp r 00010 spa d
010 _a96190
011 _a97162
020 _a978471123176
035 _a107824
040 _cCHAP
082 0 4 _a371.9046
_bH36 2004
100 1 _aHegarty, S.
_953316
245 1 0 _aAprender juntos :
_bla integración escolar
_c/por S.Hegarty, A. Hodgson y L. Clunies Ross
250 _a4 ed.
260 _aMadrid :
_bMorata,
_c2004
300 _a227 p. :
_bcuadros
534 _pTít. original :
_tLearning together, teaching pupils with special educational needs in the ordinary school
590 _aBATCH-UPD
_b10
_c20130110
_lUCH01
_h0516
590 _aBATCH-UPD
_b10
_c20130410
_lUCH01
_h0154
590 _aBATCH-UPD
_b10
_c20130914
_lUCH01
_h1318
590 _aCONVERSION
_b10
_c20130109
_lUCH01
_h1353
650 1 4 _aAprendizaje
_xPsicologia del.
_96372
650 1 4 _aEscuelas
_xAdministración y organización.
_937620
650 1 4 _aEstudiantes.
_938489
650 1 4 _aIntegración.
_959498
650 1 4 _aPlanes de estudio.
_988732
700 1 _aClunies Ross, L.
_923932
700 1 _aHodgson, A.
_955749
901 _aBK
942 _cLIBRO
949 _a371.9046 H36
_bBC
_cLIBRO
_d33724002092347
_eLIBRO
_gI.c/e
_h110454
_i107824
_sb
_t$314.00
999 _c96190
_d96190